Movies Quiz

Random Movies or Actor Quiz

The 2000s Movie Blanket Quiz Stats

Quiz Updated Apr 14, 2013

Challenge
Share
Tweet
Embed
Score 0/180 Timer 08:00
3 Plays Today
Movies % Correct
The
100%
The
100%
The
100%
The
100%
The
100%
The
100%
The
100%
The
100%
The
100%
The
100%
The
100%
The
100%
The
100%
The
100%
The
100%
The
100%
The
100%
The
100%
The
100%
The
100%
The
100%
The
100%
The
100%
The
100%
The
100%
The
100%
The
100%
The
100%
The
100%
The
100%
Hurt
100%
Jeremy
100%
2009
100%
List
100%
Jack
100%
2008
100%
Love
100%
2008
100%
Jessica
100%
Edward
100%
Incredible
100%
Statham
100%
2008
100%
Job
100%
2008
100%
One
100%
Foster
100%
2007
100%
2007
100%
2007
100%
Limited
100%
Movie
100%
Castellaneta
100%
Wilson
100%
Great
100%
Washington
100%
2007
100%
2007
100%
Nicole
100%
Golden
100%
Movies % Correct
Number
100%
Jim
100%
2007
100%
Good
100%
Jolie
100%
2006
100%
Josh
100%
Ryan
100%
Black
100%
2006
100%
Horror
100%
2005
100%
2005
100%
Gardener
100%
Weisz
100%
Man
100%
Nicolas
100%
2005
100%
Bourne
100%
Matt
100%
2004
100%
Wives
100%
Midler
100%
Diaries
100%
Express
100%
Tom
100%
Bernal
100%
2004
100%
2004
100%
2004
100%
Job
100%
Mark
100%
2003
100%
2003
100%
Tom
100%
Last
100%
Royal
100%
Hackman
100%
2002
100%
Returns
100%
Fraser
100%
2001
100%
Perfect
100%
George
100%
2001
100%
Johnny
100%
2000
100%
Sisters
100%
Susan
100%
Brothers
100%
Ledger
100%
2005
100%
Time
100%
Pearce
100%
2002
100%
2000
100%
Gate
100%
Bale
100%
2008
100%
Locker
92.8%
Movies % Correct
Christian
91.9%
Damon
85.9%
Heath
85.3%
Angelina
84.2%
Knight
81.8%
Dark
81.8%
Hanks
80.6%
Kidman
79.7%
Italian
78.8%
Cage
77.6%
Denzel
77.4%
Gene
76%
Bette
75.1%
Jason
74.8%
Polar
73.5%
Jodie
73.5%
Clooney
72.1%
Norton
71.7%
Supremacy
71.3%
Hulk
69.8%
Rachel
69%
Nicholson
68.8%
Bucket
68.4%
Owen
67.6%
Carrey
67.6%
Depp
67.5%
Grimm
66.5%
Wahlberg
65.6%
Sarandon
61.3%
Compass
59.8%
Brendan
59.7%
Renner
56.4%
Cruise
55.4%
Reynolds
55%
Alba
54.4%
Mummy
54.4%
Guy
53.8%
Constant
52.7%
Storm
51.9%
Tenenbaums
48.3%
Stepford
47.4%
23
45.9%
Machine
43.9%
Samurai
43.1%
Dan
42.3%
Amityville
37.8%
Simpsons
37.2%
Darjeeling
34.6%
Hartnett
33.6%
Bank
33.2%
Guru
29.4%
Ninth
24.2%
Dahlia
21.7%
Motorcycle
21%
Banger
20.3%
Brave
19.6%
Shepherd
17.8%
Weather
17.5%
Gael
16.3%
Debaters
14.4%

You're not logged in!

Compare scores with friends on all Sporcle quizzes.
Join for Free
OR
Log In

You Might Also Like...

Show Comments

Extras

Top Quizzes Today


Score Distribution

Your Account Isn't Verified!

In order to create a playlist on Sporcle, you need to verify the email address you used during registration. Go to your Sporcle Settings to finish the process.

Report this User

Report this user for behavior that violates our Community Guidelines.

Details: